|
|
|
|
| LEADER |
00818nam a2200265 4500 |
| 001 |
DLU210196048 |
| 005 |
##20210412 |
| 040 |
# |
# |
|a DLU
|b vie
|
| 041 |
# |
# |
|a vie
|
| 044 |
# |
# |
|a vn
|
| 100 |
# |
# |
|a Phạm Ngọc Hàm.
|
| 245 |
# |
# |
|a "Yêu nhau cởi áo cho nhau" hay "Cởi áo trao nhau" /
|c Phạm Ngọc Hàm.
|
| 653 |
# |
# |
|a Giao tiếp ngôn ngữ
|
| 653 |
# |
# |
|a Ngôn ngữ
|
| 653 |
# |
# |
|a Ngôn từ
|
| 773 |
# |
# |
|t Tạp chí Ngôn ngữ và đời sống
|g Số 10, 2018, tr. 106-111
|
| 920 |
# |
# |
|a Phòng Tạp chí -- Trung tâm Thông tin - Thư viện Trường Đại học Đà Lạt
|
| 994 |
# |
# |
|a DLU
|
| 900 |
# |
# |
|a True
|
| 911 |
# |
# |
|a Trần Thị Minh Hương
|
| 925 |
# |
# |
|a G
|
| 926 |
# |
# |
|a A
|
| 927 |
# |
# |
|a BB
|
| 980 |
# |
# |
|a Thư viện Trường Đại học Đà Lạt
|